Sericulthre in India (Record no. 2345)

MARC details
000 -LEADER
fixed length control field 00328nam a2200133Ia 4500
008 - FIXED-LENGTH DATA ELEMENTS--GENERAL INFORMATION
fixed length control field 191201s2003 xx 000 0 und d
082 ## - DEWEY DECIMAL CLASSIFICATION NUMBER
Classification number 638.254
Item number VES
100 ## - MAIN ENTRY--PERSONAL NAME
Personal name VENKATA, Narasaiah P
245 #0 - TITLE STATEMENT
Title Sericulthre in India
260 ## - PUBLICATION, DISTRIBUTION, ETC. (IMPRINT)
Place of publication, distribution, etc N.Delhi
Name of publisher, distributor, etc Ashish Publisher
Date of publication, distribution, etc 2003
300 ## - PHYSICAL DESCRIPTION
Extent 214
650 ## - SUBJECT ADDED ENTRY--TOPICAL TERM
Topical term or geographic name as entry element B.Tech(TE)
942 ## - ADDED ENTRY ELEMENTS (KOHA)
Source of classification or shelving scheme Dewey Decimal Classification
Koha item type Text Books
Holdings
Withdrawn status Lost status Source of classification or shelving scheme Damaged status Not for loan Collection code Home library Current library Date acquired Source of acquisition Cost, normal purchase price Bill Number Total Checkouts Full call number Acc. no. / Barcode Date last seen Bill Date Koha item type
    Dewey Decimal Classification     B.Tech(TE) PIET C-LIBRARY PIET C-LIBRARY 29/08/2006 M/s UDH, Delhi 300.00 10395   638.254 VES 5041 04/12/2019 16/01/2006 Text Books
    Dewey Decimal Classification     B.Tech(TE) PIET C-LIBRARY PIET C-LIBRARY 29/08/2006 M/s UDH, Delhi 300.00 10395   638.254 VES 5042 04/12/2019 16/01/2006 Text Books
    Dewey Decimal Classification     B.Tech(TE) PIET C-LIBRARY PIET C-LIBRARY 29/08/2006 M/s UDH, Delhi 300.00 10395   638.254 VES 5043 04/12/2019 16/01/2006 Text Books

Design & Developed by: PIET Central Library
R70 Miles Stone Pattikalyana Samalkha Panipat 132102
mail ID :- [email protected], Phone No:- 0180-2569700 Ex.216